000
00349nam a2200157Ia 4500
003
OSt
005
20240213104611.0
008
170524s9999 xx 000 0 und d
020
_a
978-0195676938
040
_c
IIMT UNIVERSITY
100
_a
DAMODARN SUNA
100
_c
2012
245
0
_a
MANAGERIAL ECONOMICS
260
_a
OXFORD
942
_2
ddc
_c
01
999
_c
2837
_d
2837